|
|
|
|
| LEADER |
01736nam a22003493i 4500 |
| 001 |
EBC29943382 |
| 003 |
MiAaPQ |
| 005 |
20231204023229.0 |
| 006 |
m o d | |
| 007 |
cr cnu|||||||| |
| 008 |
231204s2022 xx o ||||0 eng d |
| 020 |
|
|
|a 9789264384026
|q (electronic bk.)
|
| 035 |
|
|
|a (MiAaPQ)EBC29943382
|
| 035 |
|
|
|a (Au-PeEL)EBL29943382
|
| 035 |
|
|
|a (OCoLC)1344541538
|
| 040 |
|
|
|a MiAaPQ
|b eng
|e rda
|e pn
|c MiAaPQ
|d MiAaPQ
|
| 100 |
1 |
|
|a OECD.
|
| 245 |
1 |
0 |
|a Engaging Employers in Vocational Education and Training in Brazil.
|
| 250 |
|
|
|a 1st ed.
|
| 264 |
|
1 |
|a Paris :
|b Organization for Economic Cooperation & Development,
|c 2022.
|
| 264 |
|
4 |
|c Ã2022.
|
| 300 |
|
|
|a 1 online resource (106 pages)
|
| 336 |
|
|
|a text
|b txt
|2 rdacontent
|
| 337 |
|
|
|a computer
|b c
|2 rdamedia
|
| 338 |
|
|
|a online resource
|b cr
|2 rdacarrier
|
| 520 |
|
|
|a One of a series of studies on vocational education and training (VET), this report focuses on how international evidence can inform reforms of the VET system in Brazil. The reforms aim to considerably expand provision of initial VET, tripling enrolment between 2014-2024.
|
| 588 |
|
|
|a Description based on publisher supplied metadata and other sources.
|
| 590 |
|
|
|a Electronic reproduction. Ann Arbor, Michigan : ProQuest Ebook Central, 2023. Available via World Wide Web. Access may be limited to ProQuest Ebook Central affiliated libraries.
|
| 655 |
|
4 |
|a Electronic books.
|
| 776 |
0 |
8 |
|i Print version:
|a OECD
|t Engaging Employers in Vocational Education and Training in Brazil
|d Paris : Organization for Economic Cooperation & Development,c2022
|
| 797 |
2 |
|
|a ProQuest (Firm)
|
| 856 |
4 |
0 |
|u https://ebookcentral.proquest.com/lib/matrademy/detail.action?docID=29943382
|z Click to View
|